Dos poemas : El Bastardo y La Epopeya del Hombre Antorcha /
שמור ב:
| מחבר ראשי: | |
|---|---|
| פורמט: | לא ידוע |
| שפה: | Spanish |
| יצא לאור: |
San José, Costa Rica :
[editor no identificado],
1960.
|
| נושאים: | |
| תגים: |
הוספת תג
אין תגיות, היה/י הראשונ/ה לתייג את הרשומה!
|
MARC
| LEADER | 000000000a22000000004500 | ||
|---|---|---|---|
| 001 | 002742 | ||
| 041 | 0 | |a spa | |
| 082 | 0 | 4 | |a CR861.4 |b A663d c.1 |
| 100 | 1 | |a Araya López, Carlomagno | |
| 245 | 1 | 0 | |a Dos poemas : |b El Bastardo y La Epopeya del Hombre Antorcha / |c Carlomagno Araya López. |
| 260 | 1 | |a San José, Costa Rica : |b [editor no identificado], |c 1960. | |
| 300 | |a 36 páginas | ||
| 650 | 4 | |a LITERATURA COSTARRICENSE | |
| 650 | 4 | |a POESIA | |
| 999 | |c 9101 |d 9101 | ||
| 942 | |c BK |h CR861.4 A663d c.1 |2 z | ||
